Dievča v zelenom svetri život v tieni holokaustu

Bibliographic Details
Main Authors: Chiger, Krystyna, 1935- (Author), Paisner, Daniel (Author)
Other Authors: Lašová, Veronika (Translator)
Format: Book
Language:Slovak
English
PhysicalDescription:254 strán 21 cm
Published: [Bratislava] Motýľ 2019
ISBN:9788081641855
Edition:Vydanie prvé
Subjects:

MARC

LEADER 00000cam a2200000 4500
001 vtls011892047
003 SK-MaSNL
005 20260301144635.0
008 210701s2019 xo grh 010 fbslo
015 |a SNBA2020/03 
020 |a 9788081641855  |q (viazané) 
035 |a urn:nbn:sk:snk-am00ffjr 
035 |a urn:nbn:sk:snk-am3irxg 
035 |a ACA63F79-78D9-4F27-B2C9-EA6A4C03E55C 
040 |a SNK  |b slo  |c SNK  |e rda 
041 1 |a slo  |h eng 
043 |a e-un---  |a e-pl--- 
044 |a xo  |c SK 
072 7 |a 821.111(73)-3  |x Americká próza  |2 konspekt 
072 7 |a 929  |x Biografie  |2 konspekt 
080 |a (=411.16)  |2 2011 
080 |a (477)  |2 2011 
080 |a (438)  |2 2011 
080 |a 821.111(73)-31  |2 2011 
080 |a (0:82-312.6)  |2 2011 
080 |a 323.12"1939/1945"  |2 2011 
100 1 |a Chiger, Krystyna,  |d 1935-  |4 aut  |9 503255 
240 1 4 |a The girl in the green sweater: a life in a holocaust's shadow  |l Slovensky 
245 1 0 |a Dievča v zelenom svetri  |b život v tieni holokaustu  |c Krystyna Chiger, Daniel Paisner ; preložila Veronika Lašová 
246 3 0 |a Život v tieni holokaustu 
246 1 |i Obálkový podnázov:  |a Skutočný príbeh 
250 |a Vydanie prvé 
264 1 |a [Bratislava]  |b Motýľ  |c 2019 
300 |a 254 strán  |c 21 cm 
336 |a text  |b txt  |2 rdacontent 
337 |a bez média  |b n  |2 rdamedia 
338 |a zväzok  |b nc  |2 rdacarrier 
500 |a Preložené z angličtiny 
500 |a Miesto vydania podľa NA ISBN 
600 1 7 |a Chiger, Krystyna,  |d 1935-  |2 SNKMA  |9 503255 
650 0 7 |a Židia  |2 SNKPH  |9 3760 
650 0 7 |a holokaust (1939-1945)  |2 SNKPH  |9 160313 
650 0 7 |a Jews  |2 SNKPHeng  |9 267345 
650 0 7 |a Holocaust (1939-1945)  |2 SNKPHeng  |9 164372 
651 7 |a Ľvov (Ukrajina)  |2 SNKPHgeo  |9 29383 
651 7 |a Ukrajina  |2 SNKPHgeo  |9 168045 
651 7 |a Poľsko  |2 SNKPHgeo  |9 16755 
651 7 |a Ľvov (Ukraine)  |2 SNKPHeng  |9 503256 
651 7 |a Ukraine  |2 SNKPHeng  |9 266376 
651 7 |a Poland  |2 SNKPHeng  |9 265193 
655 7 |a americké romány  |2 SNKPH  |9 1174 
655 7 |a autobiografické romány  |2 SNKPH  |9 70327 
655 7 |a American novels  |2 SNKPHeng  |9 277755 
655 7 |a Autobiographical novels  |2 SNKPHeng  |9 319560 
700 1 |a Paisner, Daniel  |4 aut  |9 394442 
700 1 |a Lašová, Veronika  |4 trl  |9 125503 
919 |a 978-80-8164-185-5 
958 |a OND 
958 |a BC 
958 |a LX 
958 |a UP 
968 |b ENG 
999 |c 777721  |d 779651 
952 |a SNK  |b SNK  |y PREZ  |7 0  |p 17A1416521  |o snkSC 188069  |i snk2020/4579  |8 0  |0 0  |1 0  |4 0  |d 2020-02-24  |f 1  |l 0  |r 2026-02-24 00:54:51  |w 2026-02-24 
952 |a SNK  |b SNK  |y VYP  |7 0  |p 17A1416522  |o snkSC 188069 D1  |i snk2020/4580  |8 0  |0 0  |1 0  |4 0  |d 2020-02-24  |l 0  |r 2026-02-24 00:54:51  |w 2026-02-24